BIBLIOTHÈQUE DE LA MAISON DU MEXIQUE

Logo 1 Logo 2

L'autobus de Mexico (notice nᵒ 449)

détails MARC
000 -Sello discográfico
campo de control de longitud fija 00772nam a2200265 4500
005 - Identificación de versión
campo de control 20251016082221.0
010 ## - Número Estándar Internacional de Libros (ISBN)
Número (ISBN) 2-7427-0320-9
035 ## - Otros números de control del sistema
Número de control del sistema 18584
099 ## - fechas locales
Tipo de ítem Koha LIBRO
100 ## - Datos de procesamiento general
Datos de procesamiento general 19950728d1995 m y1spay5003 ba
200 1# - Título y mención de responsabilidad
Título propio L'autobus de Mexico
Designación general del material texto impreso
Primer mención de responsabilidad Vilma Fuentes
Declaración de responsabilidad subsiguiente traduction Claude Bleton
210 ## - Publicación, distribución, etc.
Lugar de publicación, distribución, etc. Paris
Nombre del editor, distribuidor, etc. Actes Sud
Fecha de publicación, distribución, etc. 1995
215 ## - Descripción física
Designación de material específico y extensión del ítem 231 p
Dimensiones 22 cm
345 ## - Nota de información de adquisición
Fuente de adquisición/dirección de la suscripción [OBSOLETO] Donación de la autora
660 ## - Código de área geográfica
Código MX
700 ## - Nombre personal - Responsabilidad primaria
Elemento de entrada Hernández Fuentes
Parte del nombre distinta del elemento de entrada Vilma Guadalupe
Fechas 1949-
Adiciones a los nombres que no sean fechas Vilma Fuentes
Número Koha 1332
702 ## - Nombre personal - Responsabilidad secundaria
Elemento de entrada Bleton
Parte del nombre distinta del elemento de entrada Claude
Número Koha 1333
801 #0 - Fuente de origen
Agencia cm
900 ## -
-- 1/11773
900 ## -
-- 71095682\\\280795
942 ## - ELEMENTOS DE ENTRADA SECUNDARIOS (KOHA)
Tipo de ítem Koha Livre
996 ## -
-- MEX
-- 751145101
-- MMAG
-- 001631
-- 863.4 F95A
-- 20191120LIV
Exemplaires
Estatus retirado Estado de daño Estado de pérdida Fecha de adquisición Biblioteca de origen Biblioteca actual Ubicación en estantería Código de barras Precio de reemplazo Signatura topográfica completa No para préstamo Tipo de ítem Koha Nota pública Nota no pública
      05/08/2025 Casa México Paris Casa México Paris   001631 05/08/2025 863.4 F95A   Livre 20191120LIV 751145101